Gaming Quiz

Random Gaming or Video Games Quiz

Skyrim Races by Ability Quiz Stats

 Plays Quiz Updated Oct 14, 2016

Challenge
Share
Tweet
Embed
Score 0/10 Timer 02:00
1 Play Today
Active Ability Race % Correct
Battle CryNord
90.2%
HighbornAltmer (High Elf)
87.4%
Voice of the EmperorImperial
85.5%
Berserker RageOrsimer (Orc)
85.4%
Command AnimalBosmer (Wood Elf)
84.5%
HistskinArgonian
83.4%
Ancestor's WrathDunmer (Dark Elf)
83.1%
Night-EyeKhajiit
78.1%
Adrenaline RushRedguard
71.9%
DragonskinBreton
70%

You're not logged in!

Compare scores with friends on all Sporcle quizzes.
OR
Log In

You Might Also Like...

Show Comments

Extras

Top Quizzes Today


Score Distribution

Your Account Isn't Verified!

In order to create a playlist on Sporcle, you need to verify the email address you used during registration. Go to your Sporcle Settings to finish the process.

Report this User

Report this user for behavior that violates our Community Guidelines.

Details: